000 00853nam a22002297a 4500
005 20180102152624.0
010 _a1718EN-30 ENG-121954
020 _a9789311126142
_c665.00
035 _aEN-105486
035 _aB-684986-018
037 _bPahuja
_adpl
037 _bDBAD/PUB
082 _a530
100 _aPandey, D.C.
245 _aNational eligibility cum entrance test NEET :
_cby D.C. Pandey
_bobjective physics vol.2 /
260 _c2017
_aNew Delhi
_bArihant Prakashan
270 _a4577/15, Agarwal Road, Darya Ganj,
_bNew Delhi
_e110002
300 _c27cm(pbk)
_a902p.
490 _aNEET Preparatory Series
942 _cEN
_2ddc
_mPAN
_h530
999 _c146263
_d146263